1051 1625 1416 1340 1824 1258 1186 1953 1129 1379 1258 1077 1984 1550 1499 1984 1437 1892 1387 1566 1779 1665 1816 1424 1418 1526 1673 1953 1134 1251 1780 1183 1843 1070 1307 1441 1460 1051 1724 1220 1278 1819 1350 1607 1273 1118 1092 1271 1376 1166 1978 1769 1715 1714 1295 1581 1681 1524 1171 1516 1989 1498 1936 1017 1110 1995 1792 1527 1583 1945 1175 1451 1926 1888 1105 1541 1037 1176 1809 1284 1377 1007 1041 1674 1776 1503 1144 1808 1929 1166 1098 1129 1747 1109 1498 1475 1672 1043 1018 BCNSPRNW ULIB Ver.6.0+V

เปลี่ยนเป็นภาษาไทย

Change to English
 แสดงรายละเอียดบรรณานุกรม
  กลับหน้าหลัก

Brief Record : Get Marc (ISO 2709) : E-mail record : QR code < ปิดหน้าต่าง
LEADER : 00000nam 2200000uu 4500
001    13399110920
003     ULIB
008    110613s||||||||th 000 0 tha d
020    9786117033100
050  4 AG195^bบ361ข 2553
100    Stephen Biesty
245    ไขปริศนาเร้นลับกับสุดยอดสถาปัตยกรรมโลก / ^cผู้เขียน Stephen Biesty ; ผู้แปล เอกรินทร์ พึ่งประชา
250    พิมพ์ครั้งที่ 1
260    กรุงเทพฯ : ^bปาเจรา, ^c2553
300    80 หน้า : ^bภาพประกอบ ; ^c28 ซม.
650  7 สถาปัตยกรรมโลก
700    เอกรินทร์ พึ่งประชา, ^eผู้แปล
945    ^p395^l0^i029065
995    ทศพร
999 ^a ใช้งานได้ทุกระบบ
รายการนี้ยังไม่มีแท็ก
คุณยังไม่ได้ล็อกอิน คุณสามารถมีกิจกรรมร่วมกับเว็บไซต์ได้ แต่ต้องล็อกอินก่อน ::
  ล็อกอิน

รายการสื่อสารสนเทศ

ลำดับที่ ประเภท เลขเรียก/บาร์โค้ด สถานที่ สถานะ
- ไม่พบข้อมูล -

BibComment


ยังไม่เคยถูกคอมเมนท์

คอมเมนท์ทรัพยากรรายการนี้
  คอมเมนท์: ไขปริศนาเร้นลับกั..


 Copyright 2026. Bcnsprnw @Library